Jesus and the Word / (Record no. 4880)

MARC details
000 -LEADER
fixed length control field 00945cam a2200301 a 4500
001 - CONTROL NUMBER
control field 108746
003 - CONTROL NUMBER IDENTIFIER
control field GBCCL
005 - DATE AND TIME OF LATEST TRANSACTION
control field 20241126110529.0
008 - FIXED-LENGTH DATA ELEMENTS--GENERAL INFORMATION
fixed length control field 720824s1958 nyu b 001 0 eng
010 ## -
-- 58004390
035 ## - SYSTEM CONTROL NUMBER
System control number (OCoLC)ocm00390964
040 ## - CATALOGING SOURCE
Original cataloging agency DLC
Transcribing agency WSU
Modifying agency OCL
-- SER
-- OCLCQ
-- MUQ
-- LBB
041 1# -
-- eng
-- ger
049 ## -
-- LBBK
050 0# -
-- BS2415
-- .B732 1958
082 0# - DEWEY DECIMAL CLASSIFICATION NUMBER
Classification number 232.9
Item number BUL
090 ## - LOCALLY ASSIGNED LC-TYPE CALL NUMBER (OCLC); LOCAL CALL NUMBER (RLIN)
Classification number (OCLC) (R) ; Classification number, CALL (RLIN) (NR) BS2415
Local cutter number (OCLC) ; Book number/undivided call number, CALL (RLIN) .B732 1958
100 1# - MAIN ENTRY--PERSONAL NAME
Personal name Bultmann, Rudolf Karl,
Dates associated with a name 1884-1976.
9 (RLIN) 8000
245 10 - TITLE STATEMENT
Title Jesus and the Word /
Statement of responsibility, etc. by Rudolf Bultmann ; translated by Louise Pettibone Smith, Erminie Huntress Lantero.
250 ## - EDITION STATEMENT
Edition statement [Student's ed.].
260 ## - PUBLICATION, DISTRIBUTION, ETC.
Place of publication, distribution, etc. New York :
Name of publisher, distributor, etc. Scribner,
Date of publication, distribution, etc. c1958.
300 ## - PHYSICAL DESCRIPTION
Extent x, 226 p. ;
Dimensions 21 cm.
500 ## - GENERAL NOTE
General note Translation of Jesus.
504 ## - BIBLIOGRAPHY, ETC. NOTE
Bibliography, etc. note Includes bibliographical references and indexes
600 00 - SUBJECT ADDED ENTRY--PERSONAL NAME
Personal name Jesus Christ
General subdivision Teachings.
9 (RLIN) 527
650 #0 - SUBJECT ADDED ENTRY--TOPICAL TERM
Topical term or geographic name entry element Dialectical theology.
9 (RLIN) 8884
942 ## - ADDED ENTRY ELEMENTS (KOHA)
Source of classification or shelving scheme Dewey Decimal Classification
Koha item type Books
Koha issues (borrowed), all copies 3
Holdings
Withdrawn status Lost status Source of classification or shelving scheme Damaged status Not for loan Home library Current Library Shelving location Date acquired Total checkouts Total renewals Full call number Barcode Date last seen Date last checked out Copy number Price effective from Koha item type
    Dewey Decimal Classification     GRACE BIBLE COLLEGE GRACE BIBLE COLLEGE Theology 2018-02-12 4 1 232.9 BUL 000549 2025-05-01 2025-02-06 c.1 2018-02-12 Books
© Grace Bible College Library 2025